Pozícia ČĽR v medzinárodných vzťahoch v 21. storočí bakalárska práca

Enregistré dans:
Détails bibliographiques
Auteur principal: Mrvová, Veronika
Collectivité auteur: Fakulta medzinárodných vzťahov EU. Katedra medzinárodných ekonomických vzťahov a hospodárskej diplomacie
Autres auteurs: Fertaľová, Mária
Format: Livre
Langue:slovaque
Publié: Bratislava 2011
Tags: Ajouter un tag
Pas de tags, Soyez le premier à ajouter un tag!

MARC

LEADER 00000nbm a2200000 4500
001 0131161
005 20161109111412.4
041 0 |a slo 
044 |a SK 
245 1 0 |a Pozícia ČĽR v medzinárodných vzťahoch v 21. storočí  |b bakalárska práca  |c Veronika Mrvová ; školiteľ: Mária Fertaľová 
264 1 |a Bratislava  |c 2011 
300 |a 61 s. 
100 1 |a Mrvová, Veronika 
700 1 |a Fertaľová, Mária 
710 2 |a Fakulta medzinárodných vzťahov EU. Katedra medzinárodných ekonomických vzťahov a hospodárskej diplomacie